| 000 | 004160000a22001690004500 | ||
|---|---|---|---|
| 003 | MACL | ||
| 005 | 20160101115400.0 | ||
| 008 | 160101b xxu||||| |||| 00| 0 eng d | ||
| 040 |
_aMACL _cMACL |
||
| 041 | _aEnglish | ||
| 082 | _a340/SHA | ||
| 100 |
_aMunshi, K M _926146 |
||
| 245 | _aWomen in The Sacred law's | ||
| 260 |
_bBharatiya Vidhya Bhavan _c1953 _aBombay |
||
| 650 |
_aLaw _926148 |
||
| 942 |
_cBK _k340 _2ddc |
||
| 999 |
_c34645 _d34645 |
||